000 00443nam a2200181Ia 4500
001 22423
005 20260414150830.0
008 260414t2016||||xx |||||||||||||| ||spa||
041 _aESP
082 _a621.381
_bR47
100 _aReyes Ayala, Nicolás
_eAUT
245 0 _aLaboratorio de circuitos electrónicos I
_b
260 _c2016
300 _a144 páginas :
_c24 cm.
650 _aTCA
654 _aCET
942 _cLIB
_dJUS
_fJUS
_2ddc
_n
999 _c22423
_d22423